Medicina Intensiva / (Registro nro. 2176)

Detalles MARC
000 -LEADER
fixed length control field 01133nam a2200337 a 4500
005 - FECHA ULTIMA MODIFICACION
control field 20240506134843.0
008 - CAMPO DE CONTROL (LIBRO)
fixed length control field 100323t2001||||ag a|||f |||| 000 0 spa d
020 ## - INTERNATIONAL STANDARD BOOK NUMBER
ISBN 9500203812
041 ## - CODIGO DE IDIOMA
Código de idioma del texto/pista de sonido o título separado spa
092 ## - SIGNATURA TOPOGRAFICA DEWEY LOCAL
número de clasificación 616.3
libristica 49
sección LOV
100 1# - ENTRADA PRINCIPAL--NOMBRE PERSONAL
Nombre personal Lovesio, Carlos.
9 (RLIN) 421
245 ## - TITULO PROPIAMENTE DICHO
Título Medicina Intensiva /
Mención de responsabilidad y remanente de la transcripción de la portada Carlos Lovesio
250 ## - MENCION DE EDICION
Mención de edición 5a ed. Renovada, actualizada y amplia
260 ## - PIE DE IMPRENTA
Lugar de publicación, distribución, etc Buenos Aires:
Nombre de la editorial, distribuidor, etc El Ateneo;
Fecha de publicación 2001.
300 ## - DESCRIPCION FISICA
Extension 1547 p.
500 ## - NOTA GENERAL
Nota general Lovesio, C. (2001). Medicina intensiva. (5a ed.). Buenos Aires : El Ateneo.
653 #3 - TÉRMINO INDIZADO - PALABRAS CLAVES
Palabra clave La unidad de terapia intensiva
653 ## - TÉRMINO INDIZADO - PALABRAS CLAVES
Palabra clave Patología respiratoria
653 ## - TÉRMINO INDIZADO - PALABRAS CLAVES
Palabra clave Patología cardiovascular
653 ## - TÉRMINO INDIZADO - PALABRAS CLAVES
Palabra clave Patología gastroenterológica
653 #3 - TÉRMINO INDIZADO - PALABRAS CLAVES
Palabra clave La injuria traumática
653 ## - TÉRMINO INDIZADO - PALABRAS CLAVES
Palabra clave Patología endocrinometabólica
653 ## - TÉRMINO INDIZADO - PALABRAS CLAVES
Palabra clave Patología renal crítica
653 ## - TÉRMINO INDIZADO - PALABRAS CLAVES
Palabra clave Patología infecciosa
653 ## - TÉRMINO INDIZADO - PALABRAS CLAVES
Palabra clave Nutrición en el paciente crítico
653 ## - TÉRMINO INDIZADO - PALABRAS CLAVES
Palabra clave Patología crítica oncohematológica
653 ## - TÉRMINO INDIZADO - PALABRAS CLAVES
Palabra clave Patología crítica en el embarazo y parto
653 ## - TÉRMINO INDIZADO - PALABRAS CLAVES
Palabra clave Transplante de órganos
653 #3 - TÉRMINO INDIZADO - PALABRAS CLAVES
Palabra clave El factor pronóstico
942 ## - ADDED ENTRY ELEMENTS (KOHA)
Source of classification or shelving scheme Dewey Decimal Classification
Item type Libros
Existencias
Estado de retiro Existencia Fuente de clasificación Estado general No para prestamo Ubicación permanente ubicación actual Sala de ubicación Fecha de adquisición Fuente de adquisición Total Checkouts Número de clasificación Código de barras Date last seen Date last borrowed Número de ejemplar Price effective from Koha tipo de elemento (item) Public note Coded location qualifier
    Dewey Decimal Classification     Biblioteca Medicina Biblioteca Medicina Circulación 07/07/2015 Donacion Julio 2015 1 616.3 49 LOV 3507 18/09/2024 12/09/2024 Ej.1 07/07/2015 Libros Donacion Julio 2015  
    Dewey Decimal Classification     Biblioteca Medicina Biblioteca Medicina Circulación 31/10/2024 Donación Ferrari Katerina, Octubre 2024   616.3 49 LOV 4918 31/10/2024   Ej.2 31/10/2024 Libros Donación Ferrari Katerina. Octubre 2024.  

UNIVERSIDAD NACIONAL DEL COMAHUE
Biblioteca de la Facultad de Ciencias Médicas
Sede Toschi: Los Arrayanes y Av. Toschi, Cipolletti  - Rio Negro
Sede Los Tordos:  Yrigoyen al 2211, Cipolletti - Rio Negro 

Teléfono: 0299 - 4774707 int 25
Contacto: biblioteca@facimed.uncoma.edu.ar
© 2011 - 2026